Statistiques concernant Pays limitrophes des Pays commençant par la lettre S (1)

Cliquez ici pour prendre le quiz!

Statistiques générales

  • Ce quiz a été pris 492 fois
    (287 depuis la dernière actualisation)
  • Le résultat moyen est 22 sur 24

Statistiques - réponses

Réponse% Correct
Italie
98%
Croatie
97%
Autriche
96%
Hongrie
96%
Bosnie-Herzégovine
93%
République Tchèque
93%
Ethiopie
92%
Guinée
92%
Honduras
92%
Kosovo
92%
Macédoine du Nord
92%
Mali
92%
Pologne
92%
Mauritanie
91%
Monténégro
91%
Guatemala
90%
Roumanie
89%
Bulgarie
88%
Djibouti
88%
Kenya
88%
Liberia
88%
Gambie
86%
Ukraine
84%
Guinée-Bissau
83%

Distribution des résultats

Percentile par nombre de réponses

% des personnes avec chaque résultat

Votre développement - résultats

Vous n’avez pas pris ce quiz depuis la dernière actualisation